Ελληνικές δημοτικές μελωδίες της νήσου Χίου
Αποθηκεύτηκε σε:
| Κύριος συγγραφέας: | |
|---|---|
| Συλλογικό Έργο: | , |
| Άλλοι συγγραφείς: | |
| Μορφή: | Βιβλίο |
| Γλώσσα: | Greek French |
| Δημοσίευση: |
Χίος :
Χορωδία Χίου,
1990.
|
| Έκδοση: | 2η έκδ. |
| Θέματα: | |
| Ετικέτες: |
Προσθήκη ετικέτας
Δεν υπάρχουν, Καταχωρήστε ετικέτα πρώτοι!
|
MARC
| LEADER | 00000cam a2200000 i 4500 | ||
|---|---|---|---|
| 001 | 1/23454 | ||
| 008 | 011112s1990 gr | ||| |||| ||gre|| | ||
| 020 | |a 9608508207 | ||
| 035 | |l 10067669 | ||
| 040 | |a GR-MyUA |b gre |e AACR2 | ||
| 041 | 1 | |a gre |h fre | |
| 082 | 0 | |a 781.628930499 | |
| 110 | 2 | |a Χορωδία Χίου. | |
| 245 | 1 | 0 | |a Ελληνικές δημοτικές μελωδίες της νήσου Χίου / |c φωνογραφημένες από τον Hubert Pernot και εναρμονισμένες από τον Paul Le Flem ; μετάφραση Κώστα Χωρεάνθη. |
| 250 | |a 2η έκδ. | ||
| 260 | |a Χίος : |b Χορωδία Χίου, |c 1990. | ||
| 300 | |a 1 τ. | ||
| 500 | |a Τη δαπάνη ανέλαβε το Ομήρειο Πνευματικό Κέντρο Δήμου Χίου | ||
| 500 | |a Τίτλος πρωτοτύπου: Melodies populaires Grecques de l'ile de Chio. | ||
| 650 | 0 | 0 | |a Folk songs, Greek |z Greece |z Chios Island. |
| 700 | 1 | |a Pernot, Hubert, |e cmp | |
| 700 | 1 | |a Le Flem, Paul, |d 1881-1994, |e oth | |
| 700 | 1 | |a Χωρεάνθης, Κώστας, |e trl | |
| 710 | 2 | |a Ομήρειο Πνευματικό Κέντρο Δήμου Χίου. | |
| 852 | |a INST |b CHIOS |e 20011112 |h 781.628930499 ΕΛΛ |p 005200020724 |q 005200020724 |t BK |y 0 | ||
| 901 | |a BIBL2-2001-3 | ||
| 909 | |a Χ |b 098285 | ||
| 922 | |a 2ΕΛΗ |b 200111 |c ΒΙΒΛΙΟΘΗΚΗ ΧΙΟΥ |d ΚΡΟΜΜΥΔΑΣ | ||
| 950 | |a 082-2001-10-31 | ||
| 970 | |a ΣΑΛΑΜΟΥΡΑ |b ΜΑΡΙΑ |z 2001/11/23 | ||